书目信息 |
| 题名: |
高等数学学习指导
|
|
| 作者: | 谢良金 , 邓通德 , 万萍 主编 | |
| 分册: | ||
| 出版信息: | 北京 北京理工大学出版社 2009.09 |
|
| 页数: | 106页 | |
| 开本: | 24cm | |
| 丛书名: | ||
| 单 册: | ||
| 中图分类: | O13 | |
| 科图分类: | ||
| 主题词: | 高等数学--gao deng shu xue--高等学校--教材参考资料 | |
| 电子资源: | ||
| ISBN: | 978-7-5640-2846-6 | |
| 000 | 00966nam0 2200265 450 | |
| 001 | 012009443813 | |
| 005 | 20100604140801.07 | |
| 010 | @a978-7-5640-2846-6@dCNY24.00 | |
| 100 | @a20100604d2009 em y0chiy0120 ea | |
| 101 | 0 | @achi |
| 102 | @aCN@b110000 | |
| 105 | @aa z 000yy | |
| 106 | @ar | |
| 200 | 1 | @a高等数学学习指导@Agao deng shu xue xue xi zhi dao@f谢良金, 邓通德, 万萍主编@Fzhu bian xie liang jin,deng tong de,wan ping |
| 210 | @a北京@c北京理工大学出版社@d2009.09 | |
| 215 | @a106页@c图@d24cm | |
| 300 | @a21世纪高等职业教育精品课示范性规范教材 | |
| 330 | @a本书主要内容:函数、极限与连续,导数与微分,导数的应用,不定积分,定积分及其应用,常微分方程,多元函数微积分等。 | |
| 606 | 0 | @a高等数学@Agao deng shu xue@x高等学校@j教材参考资料 |
| 690 | @aO13@v4 | |
| 701 | 0 | @a谢良金@Axie liang jin@4主编 |
| 701 | 0 | @a邓通德@Adeng tong de@4主编 |
| 701 | 0 | @a万萍@Awan ping@4主编 |
| 801 | 0 | @aCN@bQSSK@c20100604 |
| 905 | @b781926-28@dO13@eX452@f3 | |
| 高等数学学习指导/谢良金, 邓通德, 万萍主编.-北京:北京理工大学出版社,2009.09 |
| 106页:图;24cm |
| 21世纪高等职业教育精品课示范性规范教材 |
| ISBN 978-7-5640-2846-6:CNY24.00 |
| 本书主要内容:函数、极限与连续,导数与微分,导数的应用,不定积分,定积分及其应用,常微分方程,多元函数微积分等。 |
| ● |
| 相关链接 |
|
|
|
正题名:高等数学学习指导
索取号:O13/X452
 
预约/预借
| 序号 | 登录号 | 条形码 | 馆藏地/架位号 | 状态 | 备注 |
| 1 | 781926 | 207819262 | 自科库401/401自科库 107排6列6层/ [索取号:O13/X452] | 在馆 | |
| 2 | 781927 | 207819271 | 自科库401/401自科库 107排6列6层/ [索取号:O13/X452] | 在馆 | |
| 3 | 781928 | 207819280 | 自科库401/401自科库 107排6列6层/ [索取号:O13/X452] | 在馆 |